Bahang

Bibliographic Details
Main Author: Ismail Babu
Other Authors: Mali Jaafar (Illustrator)
Format: Book
Published: Kuala Lumpur : Creative Enterprise , 1993
Series:Novel creative
Subjects:

MARC

LEADER 00000cam a2200000 7i4500
001 0000006704
002 000007228
005 20000330.0
020 |a 9838931209 
090 0 0 |a F   |b ISM 
100 0 |a Ismail Babu 
245 1 0 |a Bahang   |c Ismail Babu 
260 |a Kuala Lumpur :   |b Creative Enterprise ,   |c 1993 
300 |a 299p. ;   |c 18cm. 
490 0 |a Novel creative 
650 0 0 |a Malay fiction 
700 0 |a Mali Jaafar ,   |e ill 
999 |a 039481   |b BUKU   |c PINJAMAN   |e PERPUSTAKAAN KOMUNITI PETALING JAYA 
999 |a 039482   |b BUKU   |c PINJAMAN   |e PERPUSTAKAAN KOMUNITI PETALING JAYA 
999 |a 044762   |b BUKU   |c FICTION   |e PERPUSTAKAAN KOMUNITI CAW KOTA DAMANSARA 
999 |a 044763   |b BUKU   |c FICTION   |e PERPUSTAKAAN KOMUNITI CAW KOTA DAMANSARA 
999 |a 044764   |b BUKU   |c FICTION   |e PERPUSTAKAAN KOMUNITI CAW KOTA DAMANSARA